路線名 一覧クイズ 山梨県 - Statistics

General Stats
  • This quiz has been taken 273 times
  • The average score is 4 of 5
Answer Stats
事業者名 答え 区間 % Correct
JR東日本 中央本線 上野原~小淵沢
98%
JR東海 身延線 甲府~十島
97%
JR東日本 小海線 小淵沢~清里
85%
中小私鉄 河口湖線(富士山麓電気鉄道) 富士山~河口湖
63%
中小私鉄 大月線(富士山麓電気鉄道) 大月~富士山
50%
No matching quizzes found
Score Distribution
Percent of People with Each Score
Percentile by Number Answered
Your Score History
You have not taken this quiz